[Event "WchT 6th"]
[Site "Beersheba"]
[Date "2005.11.10"]
[Round "9.2"]
[White "Grischuk, Alexander"]
[Black "Zhang, Pengxiang"]
[Result "1-0"]
[WhiteElo "2720"]
[BlackElo "2613"]
[Annotator "Finkel,A"]
[PlyCount "85"]
[EventDate "2005.11.01"]
[EventType "team-tourn"]
[EventRounds "9"]
[EventCountry "ISR"]
[SourceTitle "CBM 110"]
[Source "ChessBase"]
[SourceDate "2006.01.31"]
[SourceVersion "1"]
[SourceVersionDate "2006.01.31"]
[SourceQuality "1"]
[WhiteTeam "Russia"]
[BlackTeam "China"]
[WhiteTeamCountry "RUS"]
[BlackTeamCountry "CHN"]

1. e4 c5 2. Nf3 Nc6 3. Bb5 e6 4. Bxc6 bxc6 5. d3 Qc7 {Black has tried quite a
few moves in this position, but the main line is considered to be 5...Ne7.} 6.
O-O {This move is more flexible than the immediate 6.e5.} (6. e5 f6 7. Qe2 fxe5
8. Nxe5 Nf6 9. O-O Be7 10. f4 O-O 11. Nd2 d6 12. Nef3 Nd5 {seems to be quite
unclear.}) 6... d6 7. c3 Nf6 8. Re1 e5 9. d4 cxd4 10. cxd4 Bg4 11. Nbd2 $5 ({
White is also clearly better after} 11. dxe5 dxe5 12. Nbd2 Bb4 13. Qa4 Bxd2 14.
Nxd2 O-O 15. Nb3 $1 $14 {Bologan,V-Moiseenko,A/Tripoli 2004 but Grischuk
prefers to keep more pieces on the board.}) 11... Be7 12. h3 Bh5 (12... Bxf3
13. Nxf3 O-O 14. Qc2 Rfe8 15. b3 exd4 16. Nxd4 d5 17. exd5 Nxd5 18. Bb2 $14)
13. Qc2 O-O 14. b3 {White's plan is to put pressure on c6, so there is no
point to put a knight on c4.} Rac8 (14... exd4 15. Nxd4 Rac8 16. Bb2 Bg6 17. f4
$1 $14) 15. Bb2 Nd7 16. Rac1 Rfe8 {Diagram #} (16... exd4 17. Nxd4) 17. Re3 $1
{The rook is perfectly placed on the third rank. In case of 17...exd4 it could
come to g3 to put pressure on Black's kingside, otherwise it comes to c3 to
attack a weakness on c6.} f6 $2 {A very bad decision. Black's only chance for
counterplay is to put pressure on e4, so he had to capture on d4 followed by
Bf6.} (17... exd4 18. Nxd4 Bg5 (18... Bf6) 19. Rg3 Bf6 20. Nxc6 $5 Qxc6 21.
Qxc6 Rxc6 22. Rxc6 Bxb2 23. Rxd6 Nb6 24. Rgd3 $14) 18. Rc3 c5 {Black isn't
very happy with his position so he decides to sacrifice a pawn to get some
space for his pieces.} (18... Nb8 $5) 19. dxc5 dxc5 20. b4 Bf7 21. Ba3 Nb8 $1
22. bxc5 Nc6 23. Rd3 Na5 (23... Red8 24. Rxd8+ Rxd8 25. Nc4 Be6 26. Qa4 $16)
24. Qa4 {Despite of an extra pawn White's task to convert his material
advantage into a win is far from being easy.} Red8 25. Rxd8+ Rxd8 26. Nb3 Nc6
27. Qa6 h6 28. Nfd2 {Diagram #} Nd4 $2 {After a move in the game nothing can
save Black since White's passer is unstoppable.} (28... Bg6 29. f3 Nb8 30. Qe2
a5 $14) 29. Nxd4 exd4 (29... Rxd4 30. Nc4 Rxe4 31. Nd6 Rf4 32. Nb5 Qd8 33. c6
$18) 30. Bb4 Rc8 31. a3 $1 {Preparing the advance of the pawn.} Bf8 32. c6 $18
Rb8 33. Ba5 Qc8 34. c7 $1 {Diagram #} Qxa6 (34... Ra8 35. Qc6 Be6 36. Bb4 $18)
35. cxb8=Q Qxa5 36. Rc8 Qxa3 37. Nf3 d3 38. Rd8 a5 39. Kh2 Qc5 (39... Qb4 40.
Qc8) 40. e5 a4 41. Qd6 $1 Qxd6 42. exd6 d2 43. Nxd2 1-0

[Event "Moscow Superblitz"]
[Site "Moscow"]
[Date "2006.01.05"]
[Round "7"]
[White "Malakhov, Vladimir"]
[Black "Grischuk, Alexander"]
[Result "0-1"]
[WhiteElo "2694"]
[BlackElo "2717"]
[PlyCount "52"]
[EventDate "2006.01.05"]
[EventType "tourn (blitz)"]
[EventRounds "22"]
[EventCountry "RUS"]
[EventCategory "17"]
[SourceTitle "EXT 2007"]
[Source "ChessBase"]
[SourceDate "2006.11.23"]
[SourceVersion "1"]
[SourceVersionDate "2006.11.23"]
[SourceQuality "1"]

1. d4 Nf6 2. Nf3 e6 3. g3 Be7 4. Bg2 d5 5. O-O O-O 6. c4 dxc4 7. Ne5 Nc6 8.
Bxc6 bxc6 9. Nxc6 Qe8 10. Nxe7+ Qxe7 11. Qa4 e5 12. dxe5 Qxe5 13. Qxc4 Be6 14.
Qd3 Rad8 15. Qe3 Qh5 16. f3 Bc4 17. Nc3 Rfe8 18. Qg5 Qh3 19. Rf2 Bxe2 20. Be3
Bxf3 21. Rxf3 Ng4 22. Rf2 f6 23. Qf5 Re5 24. Qf4 Rxe3 25. Qxc7 Rde8 26. Qc4+
Kh8 0-1

[Event "Moscow Superblitz"]
[Site "Moscow"]
[Date "2006.01.05"]
[Round "8"]
[White "Grischuk, Alexander"]
[Black "Morozevich, Alexander"]
[Result "0-1"]
[WhiteElo "2717"]
[BlackElo "2721"]
[PlyCount "77"]
[EventDate "2006.01.05"]
[EventType "tourn (blitz)"]
[EventRounds "22"]
[EventCountry "RUS"]
[EventCategory "17"]
[SourceTitle "EXT 2007"]
[Source "ChessBase"]
[SourceDate "2006.11.23"]
[SourceVersion "1"]
[SourceVersionDate "2006.11.23"]
[SourceQuality "1"]

1. e4 d6 2. d4 Nf6 3. Nc3 e5 4. Nge2 Be7 5. g3 O-O 6. Bg2 c6 7. a4 Nbd7 8. O-O
b6 9. h3 Bb7 10. Be3 a6 11. g4 b5 12. Ng3 g6 13. f4 b4 14. Nce2 exd4 15. Qxd4
c5 16. Qd2 Nb6 17. b3 a5 18. Rad1 Qc7 19. g5 Nfd7 20. h4 Rfe8 21. h5 Bf8 22. c4
bxc3 23. Nxc3 Ba6 24. Nb5 Bxb5 25. axb5 a4 26. hxg6 hxg6 27. e5 d5 28. Bxd5
Nxd5 29. Qxd5 Nb6 30. Qh1 axb3 31. Ne4 Re6 32. Rf3 b2 33. Kg2 Qb7 34. Nf6+ Rxf6
35. gxf6 Nc4 36. Kg3 Qe4 37. Bf2 Nd2 38. Rc3 Qxe5 39. Ra1 0-1

[Event "Moscow Superblitz"]
[Site "Moscow"]
[Date "2006.01.05"]
[Round "9"]
[White "Dreev, Alexey"]
[Black "Grischuk, Alexander"]
[Result "1/2-1/2"]
[WhiteElo "2697"]
[BlackElo "2717"]
[PlyCount "50"]
[EventDate "2006.01.05"]
[EventType "tourn (blitz)"]
[EventRounds "22"]
[EventCountry "RUS"]
[EventCategory "17"]
[SourceTitle "EXT 2007"]
[Source "ChessBase"]
[SourceDate "2006.11.23"]
[SourceVersion "1"]
[SourceVersionDate "2006.11.23"]
[SourceQuality "1"]

1. d4 Nf6 2. c4 e6 3. Nf3 Bb4+ 4. Bd2 a5 5. g3 O-O 6. Bg2 b6 7. Ne5 Ra7 8. O-O
Ba6 9. Qc2 d5 10. Rd1 c6 11. Bxb4 axb4 12. a3 Bxc4 13. Nxc4 dxc4 14. Qxc4 c5
15. Nd2 bxa3 16. Rxa3 Rxa3 17. bxa3 cxd4 18. Nf3 Qd6 19. Qxd4 Qxa3 20. Qxb6 Nd5
21. Qb7 Qa4 22. Rc1 Nd7 23. Qc6 Qxc6 24. Rxc6 Rb8 25. Bf1 Ra8 1/2-1/2

[Event "Moscow Superblitz"]
[Site "Moscow"]
[Date "2006.01.05"]
[Round "10"]
[White "Grischuk, Alexander"]
[Black "Svidler, Peter"]
[Result "0-1"]
[WhiteElo "2717"]
[BlackElo "2765"]
[PlyCount "99"]
[EventDate "2006.01.05"]
[EventType "tourn (blitz)"]
[EventRounds "22"]
[EventCountry "RUS"]
[EventCategory "17"]
[SourceTitle "EXT 2007"]
[Source "ChessBase"]
[SourceDate "2006.11.23"]
[SourceVersion "1"]
[SourceVersionDate "2006.11.23"]
[SourceQuality "1"]

1. e4 c5 2. f4 d5 3. d3 Nc6 4. Nf3 Bg4 5. c3 e6 6. h3 Bxf3 7. Qxf3 g6 8. Be2
Bg7 9. O-O Nge7 10. Na3 a6 11. Qf2 Rc8 12. Nc2 O-O 13. e5 d4 14. c4 f6 15. exf6
Rxf6 16. Bd2 Qd6 17. b4 Nxb4 18. Nxb4 cxb4 19. Rab1 Nc6 20. Bf3 a5 21. Qe2 Rc7
22. h4 Ne7 23. g4 h5 24. Be4 hxg4 25. Qxg4 Nf5 26. Rf2 b6 27. Re1 Bh6 28. Rf3
Rg7 29. Re2 Ne3 30. Bxe3 dxe3 31. Rexe3 Bxf4 32. Re2 a4 33. Kg2 a3 34. d4 g5
35. h5 Ra7 36. c5 bxc5 37. dxc5 Qxc5 38. Bb1 Qd5 39. Be4 Qb5 40. Bd3 Qd5 41.
Be4 Qd1 42. Rf1 Qd4 43. Bb1 Be5 44. Qxd4 Bxd4 45. Rxf6 Bxf6 46. Rxe6 Kg7 47.
Kf3 Bd4 48. Rc6 Bb6 49. Ke4 Bd8 50. Rc7+ 0-1

[Event "Moscow Superblitz"]
[Site "Moscow"]
[Date "2006.01.05"]
[Round "11"]
[White "Korotylev, Alexey"]
[Black "Grischuk, Alexander"]
[Result "1-0"]
[WhiteElo "2609"]
[BlackElo "2717"]
[PlyCount "68"]
[EventDate "2006.01.05"]
[EventType "tourn (blitz)"]
[EventRounds "22"]
[EventCountry "RUS"]
[EventCategory "17"]
[SourceTitle "EXT 2007"]
[Source "ChessBase"]
[SourceDate "2006.11.23"]
[SourceVersion "1"]
[SourceVersionDate "2006.11.23"]
[SourceQuality "1"]

1. d4 Nf6 2. c4 g6 3. f3 Nh5 4. e4 e5 5. Be3 exd4 6. Bxd4 Bg7 7. Bxg7 Nxg7 8.
Nc3 O-O 9. Qd2 d6 10. O-O-O Nc6 11. h4 f5 12. Bd3 Ne5 13. Nge2 Be6 14. b3 Nxd3+
15. Qxd3 Qf6 16. Nd4 Rae8 17. Ndb5 Rf7 18. Qd4 Qxd4 19. Nxd4 Bc8 20. Rhe1 Kf8
21. Kd2 c6 22. exf5 Nxf5 23. Nxf5 Bxf5 24. g4 Be6 25. Ke3 Rfe7 26. Kf4 Rf7+ 27.
Ke3 Rd7 28. Ne4 Ke7 29. g5 Red8 30. c5 d5 31. Nf6 h6 32. Kf4 Rh8 33. a3 a5 34.
Ng4 Rf8+ 1-0

[Event "Moscow Superblitz"]
[Site "Moscow"]
[Date "2006.01.05"]
[Round "13"]
[White "Shipov, Sergei"]
[Black "Grischuk, Alexander"]
[Result "0-1"]
[WhiteElo "2576"]
[BlackElo "2717"]
[PlyCount "72"]
[EventDate "2006.01.05"]
[EventType "tourn (blitz)"]
[EventRounds "22"]
[EventCountry "RUS"]
[EventCategory "17"]
[SourceTitle "EXT 2007"]
[Source "ChessBase"]
[SourceDate "2006.11.23"]
[SourceVersion "1"]
[SourceVersionDate "2006.11.23"]
[SourceQuality "1"]

1. d4 d5 2. c4 c6 3. Nc3 Nf6 4. Nf3 dxc4 5. a4 Bf5 6. Ne5 e6 7. f3 Bb4 8. Bg5
h6 9. Bh4 c5 10. dxc5 Qxd1+ 11. Kxd1 Nfd7 12. Nxc4 O-O 13. e4 Bg6 14. Be2 Nc6
15. Bf2 Bxc5 16. Bxc5 Nxc5 17. Ke1 f5 18. exf5 Bxf5 19. Kf2 Nd4 20. Rad1 Rad8
21. Ne3 Nxe2 22. Kxe2 Bd3+ 23. Kf2 Bg6 24. Kg3 e5 25. Ned5 Kh7 26. b4 Nd3 27.
b5 Rc8 28. Ne4 Bxe4 29. fxe4 Nf2 30. Rhe1 Nxd1 31. Rxd1 Rc4 32. a5 Rxe4 33. Rc1
Rd4 34. Nc7 Rd3+ 35. Kh4 Rf4+ 36. g4 g5+ 0-1

[Event "Moscow Superblitz"]
[Site "Moscow"]
[Date "2006.01.05"]
[Round "14"]
[White "Grischuk, Alexander"]
[Black "Kobalia, Mihail"]
[Result "1/2-1/2"]
[WhiteElo "2717"]
[BlackElo "2654"]
[PlyCount "60"]
[EventDate "2006.01.05"]
[EventType "tourn (blitz)"]
[EventRounds "22"]
[EventCountry "RUS"]
[EventCategory "17"]
[SourceTitle "EXT 2007"]
[Source "ChessBase"]
[SourceDate "2006.11.23"]
[SourceVersion "1"]
[SourceVersionDate "2006.11.23"]
[SourceQuality "1"]

1. e4 e5 2. Nf3 Nc6 3. Bb5 Nf6 4. d3 d6 5. O-O Bd7 6. c3 a6 7. Ba4 g6 8. Re1
Bg7 9. Nbd2 O-O 10. Nf1 Qe8 11. Bb3 Na5 12. Bc2 c5 13. d4 cxd4 14. cxd4 Nc6 15.
d5 Nb4 16. Bb1 a5 17. Bd2 Qd8 18. Ne3 b5 19. a3 Na6 20. b4 Qb6 21. Bd3 Nc7 22.
Qe2 Qa7 23. Qd1 Bh6 24. g3 Kg7 25. Kg2 Nce8 26. h4 Kg8 27. Ng5 Qc7 28. Qc1 Bc8
29. Be2 Ra6 30. f4 Qd8 1/2-1/2

[Event "Moscow Superblitz"]
[Site "Moscow"]
[Date "2006.01.05"]
[Round "15"]
[White "Grachev, Boris V"]
[Black "Grischuk, Alexander"]
[Result "1/2-1/2"]
[WhiteElo "2510"]
[BlackElo "2717"]
[PlyCount "129"]
[EventDate "2006.01.05"]
[EventType "tourn (blitz)"]
[EventRounds "22"]
[EventCountry "RUS"]
[EventCategory "17"]
[SourceTitle "EXT 2007"]
[Source "ChessBase"]
[SourceDate "2006.11.23"]
[SourceVersion "1"]
[SourceVersionDate "2006.11.23"]
[SourceQuality "1"]

1. d4 d5 2. c4 dxc4 3. Nf3 c5 4. e3 cxd4 5. Bxc4 Qc7 6. Qxd4 Nc6 7. Qd1 Nf6 8.
O-O Bg4 9. h3 Bh5 10. Be2 e6 11. b3 Rd8 12. Qc2 Bg6 13. Qc4 Bd6 14. Bb2 O-O 15.
Nc3 Qa5 16. Nb5 Bb8 17. Nbd4 Nxd4 18. Bxd4 a6 19. Qc5 Qxc5 20. Bxc5 Rfe8 21.
Rac1 Be4 22. Rfd1 Rxd1+ 23. Rxd1 Rc8 24. Bd6 Ba7 25. Nd2 Bd5 26. Bc4 Rd8 27.
Be7 Rd7 28. Bxf6 Bxc4 29. Bd4 Be2 30. Rc1 h6 31. Rc8+ Kh7 32. Bxa7 Rxd2 33. Rc7
f6 34. Bc5 Kg8 35. Rc8+ Kf7 36. Rc7+ Kg6 37. Bf8 Kf5 38. Rxb7 Rxa2 39. Bxg7 h5
40. Bf8 h4 41. Rh7 Ra1+ 42. Kh2 Kg5 43. Rg7+ Kf5 44. Rh7 Rb1 45. b4 e5 46. Rxh4
Bd3 47. Bc5 Kg5 48. Rg4+ Kh5 49. f3 Bg6 50. e4 Rb2 51. Be7 Kh6 52. Bxf6 Rxb4
53. Bxe5 Kh7 54. Rh4+ Kg8 55. Kg3 a5 56. Kf4 a4 57. Kg5 Kf7 58. Rf4+ Ke6 59.
Rf6+ Kxe5 60. Rxg6 Kd4 61. Ra6 Kc3 62. e5 Kb3 63. e6 Rb5+ 64. Kf6 Rh5 65. Rxa4
1/2-1/2

[Event "Moscow Superblitz"]
[Site "Moscow"]
[Date "2006.01.05"]
[Round "17"]
[White "Savchenko, Boris"]
[Black "Grischuk, Alexander"]
[Result "1/2-1/2"]
[WhiteElo "2569"]
[BlackElo "2717"]
[PlyCount "105"]
[EventDate "2006.01.05"]
[EventType "tourn (blitz)"]
[EventRounds "22"]
[EventCountry "RUS"]
[EventCategory "17"]
[SourceTitle "EXT 2007"]
[Source "ChessBase"]
[SourceDate "2006.11.23"]
[SourceVersion "1"]
[SourceVersionDate "2006.11.23"]
[SourceQuality "1"]

1. e4 c5 2. Nf3 d6 3. d4 cxd4 4. Nxd4 Nf6 5. Nc3 a6 6. Bg5 e6 7. f4 h6 8. Bh4
Nbd7 9. Qf3 e5 10. fxe5 Nxe5 11. Qf2 Be7 12. Nf5 Bxf5 13. Qxf5 g6 14. Qh3 Nfg4
15. Bxe7 Qxe7 16. Be2 Qg5 17. Nd5 Kf8 18. O-O Kg7 19. Bxg4 Qxg4 20. Qe3 Rac8
21. c3 Rhf8 22. Rf6 Qg5 23. Rxd6 Rfd8 24. Rxd8 Rxd8 25. Qxg5 hxg5 26. b3 f5 27.
c4 Nd3 28. exf5 gxf5 29. Rd1 Nc5 30. Re1 b5 31. Re7+ Kg6 32. Rc7 Ne4 33. Rc6+
Kg7 34. Rxa6 bxc4 35. bxc4 Rb8 36. Rb6 Ra8 37. Rb2 Ra3 38. g3 Kf7 39. Rc2 Ke6
40. Nb4 Kd6 41. c5+ Nxc5 42. Rd2+ Ke6 43. Nc2 Ra4 44. Kg2 Ke5 45. Ne1 Ne4 46.
Nf3+ Kf6 47. Rc2 Ra3 48. Rc6+ Ke7 49. Rc2 Kf6 50. Nd4 Ke5 51. Nc6+ Kf6 52. Re2
Nc3 53. Rc2 1/2-1/2

[Event "Moscow Superblitz"]
[Site "Moscow"]
[Date "2006.01.05"]
[Round "18"]
[White "Grischuk, Alexander"]
[Black "Malakhov, Vladimir"]
[Result "1/2-1/2"]
[WhiteElo "2717"]
[BlackElo "2694"]
[PlyCount "126"]
[EventDate "2006.01.05"]
[EventType "tourn (blitz)"]
[EventRounds "22"]
[EventCountry "RUS"]
[EventCategory "17"]
[SourceTitle "EXT 2007"]
[Source "ChessBase"]
[SourceDate "2006.11.23"]
[SourceVersion "1"]
[SourceVersionDate "2006.11.23"]
[SourceQuality "1"]

1. c4 c5 2. g3 g6 3. Bg2 Bg7 4. e3 Nc6 5. Ne2 e6 6. d4 cxd4 7. exd4 d5 8. c5
Nge7 9. Nbc3 O-O 10. O-O Nf5 11. Be3 b6 12. cxb6 Qxb6 13. Na4 Qa5 14. Rc1 Nxe3
15. fxe3 Ba6 16. Rxc6 Bxe2 17. Qxe2 Qxa4 18. Ra6 Qb4 19. Rc1 Qb7 20. Rcc6 Rfc8
21. Qc2 h5 22. Qc3 Qxa6 23. Rxa6 Rxc3 24. bxc3 Rc8 25. Ra3 a5 26. Kf1 a4 27.
Ke1 Rb8 28. Rxa4 Rb2 29. Bf3 Bh6 30. e4 dxe4 31. Bxe4 Bd2+ 32. Kf1 Bxc3 33. d5
exd5 34. Bxd5 Rd2 35. Bb3 Rd6 36. Rc4 Bd4 37. Ke2 Kg7 38. Rc7 Rf6 39. Kd3 Bg1
40. h3 Bh2 41. Ke4 Bxg3 42. Rc3 Bh2 43. a4 Bg1 44. Bd5 Ra6 45. Bc6 Ra5 46. Bb5
Ra7 47. Rc1 Bb6 48. Kd5 Ba5 49. Rc8 f5 50. Ke6 Kh6 51. Kf6 Kh7 52. Bc4 Bc3+ 53.
Kg5 Bd2+ 54. Kf6 Bc3+ 55. Ke6 Rxa4 56. Bb3 Re4+ 57. Kf7 Bg7 58. Be6 Re3 59. h4
Re4 60. Rc1 Rxh4 61. Rc7 Re4 62. Bd5 Re5 63. Be6 Kh6 1/2-1/2

[Event "Moscow Superblitz"]
[Site "Moscow"]
[Date "2006.01.05"]
[Round "19"]
[White "Morozevich, Alexander"]
[Black "Grischuk, Alexander"]
[Result "0-1"]
[WhiteElo "2721"]
[BlackElo "2717"]
[PlyCount "88"]
[EventDate "2006.01.05"]
[EventType "tourn (blitz)"]
[EventRounds "22"]
[EventCountry "RUS"]
[EventCategory "17"]
[SourceTitle "EXT 2007"]
[Source "ChessBase"]
[SourceDate "2006.11.23"]
[SourceVersion "1"]
[SourceVersionDate "2006.11.23"]
[SourceQuality "1"]

1. e4 c5 2. Nf3 d6 3. d4 cxd4 4. Nxd4 Nf6 5. Nc3 a6 6. Be3 Ng4 7. Bg5 h6 8. Bh4
g5 9. Bg3 Bg7 10. Be2 h5 11. h4 gxh4 12. Bxh4 Nc6 13. Nb3 Be6 14. Qd2 Qb6 15.
Nd5 Bxd5 16. exd5 Nce5 17. Bg3 Kf8 18. Bxg4 hxg4 19. Rxh8+ Bxh8 20. Qe2 Qb4+
21. c3 Qc4 22. Bxe5 Qxe2+ 23. Kxe2 Bxe5 24. Na5 Rc8 25. Rd1 Kg7 26. g3 Kg6 27.
Rd2 Rc7 28. a4 f5 29. Rd3 Kg5 30. Kd2 f4 31. gxf4+ Bxf4+ 32. Kc2 Be5 33. b3 Kf5
34. Nc4 Bf4 35. a5 Rc8 36. Rd1 Rh8 37. Re1 Rh2 38. Rxe7 Rxf2+ 39. Kd3 g3 40.
Rg7 g2 41. Ne3+ Kf6 42. Rg4 Rf3 43. Kc4 Ke5 44. Nf5 Rg3 0-1

[Event "Moscow Superblitz"]
[Site "Moscow"]
[Date "2006.01.05"]
[Round "20"]
[White "Grischuk, Alexander"]
[Black "Dreev, Alexey"]
[Result "1-0"]
[WhiteElo "2717"]
[BlackElo "2697"]
[PlyCount "63"]
[EventDate "2006.01.05"]
[EventType "tourn (blitz)"]
[EventRounds "22"]
[EventCountry "RUS"]
[EventCategory "17"]
[SourceTitle "EXT 2007"]
[Source "ChessBase"]
[SourceDate "2006.11.23"]
[SourceVersion "1"]
[SourceVersionDate "2006.11.23"]
[SourceQuality "1"]

1. e4 c6 2. d4 d5 3. e5 Bf5 4. Nf3 e6 5. Be2 Nd7 6. O-O Bg6 7. Nbd2 a6 8. c3
Qc7 9. Nh4 c5 10. Nxg6 hxg6 11. Nf3 Ne7 12. Bf4 c4 13. b3 cxb3 14. axb3 Qxc3
15. Qb1 Qb4 16. Ra4 Qb6 17. b4 Nf5 18. b5 a5 19. Bd2 Qd8 20. b6 Be7 21. Rxa5
Rxa5 22. Bxa5 O-O 23. Bb5 Qa8 24. Qa1 Nb8 25. Rc1 Bd8 26. Bb4 Qxa1 27. Rxa1 Be7
28. Bxe7 Nxe7 29. Ra7 Rc8 30. g3 Rc1+ 31. Kg2 Rb1 32. Ra8 1-0

[Event "Moscow Superblitz"]
[Site "Moscow"]
[Date "2006.01.05"]
[Round "22"]
[White "Grischuk, Alexander"]
[Black "Korotylev, Alexey"]
[Result "1-0"]
[WhiteElo "2717"]
[BlackElo "2609"]
[PlyCount "101"]
[EventDate "2006.01.05"]
[EventType "tourn (blitz)"]
[EventRounds "22"]
[EventCountry "RUS"]
[EventCategory "17"]
[SourceTitle "EXT 2007"]
[Source "ChessBase"]
[SourceDate "2006.11.23"]
[SourceVersion "1"]
[SourceVersionDate "2006.11.23"]
[SourceQuality "1"]

1. d4 d5 2. c4 c6 3. Nc3 Nf6 4. Nf3 dxc4 5. a4 Bg4 6. Ne5 Bh5 7. f3 Nfd7 8.
Nxc4 e5 9. e4 Bb4 10. dxe5 O-O 11. Be3 Qe7 12. Be2 Nxe5 13. Nxe5 Qxe5 14. O-O
Qe7 15. a5 Nd7 16. Qb3 Bc5 17. Bxc5 Nxc5 18. Qc4 Rad8 19. Rfd1 Kh8 20. Qb4 Rde8
21. Bf1 f6 22. Na4 Nxa4 23. Qxe7 Rxe7 24. Rxa4 Bf7 25. Rd6 Rc7 26. Rad4 Kg8 27.
Rd7 Rxd7 28. Rxd7 Rb8 29. b4 Kf8 30. Rc7 Bb3 31. Kf2 a6 32. g4 h6 33. h4 Bf7
34. Ke3 Be6 35. Be2 Bf7 36. f4 Be8 37. f5 b6 38. Ra7 bxa5 39. bxa5 c5 40. Bxa6
Rb3+ 41. Kf4 Ra3 42. Bc4 Ra4 43. Bb3 Ra3 44. Bd5 Bb5 45. g5 hxg5+ 46. hxg5 Be2
47. e5 fxe5+ 48. Kxe5 Re3+ 49. Kd6 c4 50. Rf7+ Ke8 51. Rc7 1-0

[Event "Moscow Superblitz playoff"]
[Site "Moscow"]
[Date "2006.01.05"]
[Round "1"]
[White "Morozevich, Alexander"]
[Black "Grischuk, Alexander"]
[Result "0-1"]
[WhiteElo "2721"]
[BlackElo "2717"]
[PlyCount "104"]
[EventDate "2006.01.05"]
[EventType "match (blitz)"]
[EventRounds "2"]
[EventCountry "RUS"]
[SourceTitle "EXT 2007"]
[Source "ChessBase"]
[SourceDate "2006.11.23"]
[SourceVersion "1"]
[SourceVersionDate "2006.11.23"]
[SourceQuality "1"]

1. e4 c5 2. Nf3 d6 3. d4 cxd4 4. Nxd4 Nf6 5. Nc3 a6 6. Be3 Ng4 7. Bg5 h6 8. Bh4
g5 9. Bg3 Bg7 10. Be2 h5 11. h4 gxh4 12. Rxh4 Nc6 13. Nb3 Be6 14. Qd2 Qb6 15.
Nd5 Bxd5 16. exd5 Nce5 17. O-O-O Rc8 18. Kb1 Bf6 19. Rh3 Nc4 20. Bxc4 Rxc4 21.
f3 Ne5 22. Bf2 Qb5 23. Qe2 Rb4 24. Qxb5+ Rxb5 25. Bh4 Bg7 26. Bg5 Kd7 27. Rh4
a5 28. a4 Rb4 29. Nxa5 Rxh4 30. Bxh4 Ra8 31. Be1 b6 32. Nb3 Nc4 33. c3 Rxa4 34.
Bf2 Ra8 35. Nd4 Bxd4 36. Rxd4 b5 37. b3 Ne5 38. Rd2 Ng6 39. Kb2 Ne5 40. Bd4 Ng6
41. Be3 Ne5 42. Bd4 Ng6 43. Be3 Nh4 44. Bg5 Ng6 45. Be3 Rg8 46. c4 bxc4 47.
bxc4 Nh4 48. Bf2 Rxg2 49. Kc3 Nxf3 50. Ra2 f5 51. Kd3 Ne5+ 52. Ke2 Ng4 0-1

[Event "Moscow Superblitz playoff"]
[Site "Moscow"]
[Date "2006.01.05"]
[Round "2"]
[White "Grischuk, Alexander"]
[Black "Morozevich, Alexander"]
[Result "1/2-1/2"]
[WhiteElo "2717"]
[BlackElo "2721"]
[PlyCount "65"]
[EventDate "2006.01.05"]
[EventType "match (blitz)"]
[EventRounds "2"]
[EventCountry "RUS"]
[SourceTitle "EXT 2007"]
[Source "ChessBase"]
[SourceDate "2006.11.23"]
[SourceVersion "1"]
[SourceVersionDate "2006.11.23"]
[SourceQuality "1"]

1. e4 c5 2. Nf3 e6 3. d4 cxd4 4. Nxd4 Nc6 5. Nc3 d6 6. g4 a6 7. Be3 Be7 8. Bg2
Nxd4 9. Bxd4 e5 10. Be3 Nf6 11. h3 O-O 12. g5 Ne8 13. Qd2 Be6 14. O-O-O Rc8 15.
Kb1 g6 16. f4 Ng7 17. h4 exf4 18. Bxf4 Qb6 19. Be3 Qc7 20. Bh3 Qc4 21. Bd4 b5
22. Nd5 Bxd5 23. exd5 Rce8 24. Qf2 Bd8 25. b3 Qc7 26. Bb2 Re4 27. Bg2 Ree8 28.
Bh3 a5 29. Bg4 Re4 30. Bf3 Ree8 31. Bg4 Re4 32. Bf3 Ree8 33. Bg4 1/2-1/2

[Event "FRA-chT Top 16 GpB"]
[Site "Paris"]
[Date "2006.02.05"]
[Round "3"]
[White "Legky, Nikolay A"]
[Black "Grischuk, Alexander"]
[Result "0-1"]
[WhiteElo "2453"]
[BlackElo "2717"]
[PlyCount "52"]
[EventDate "2006.02.03"]
[EventType "team"]
[EventRounds "11"]
[EventCountry "FRA"]
[SourceTitle "EXT 2007"]
[Source "ChessBase"]
[SourceDate "2006.11.23"]
[SourceVersion "1"]
[SourceVersionDate "2006.11.23"]
[SourceQuality "1"]

1. d4 Nf6 2. Bg5 e6 3. Nf3 c5 4. e3 Be7 5. c4 b6 6. Nc3 cxd4 7. exd4 O-O 8. Bd3
Bb7 9. O-O d5 10. Bxf6 Bxf6 11. cxd5 exd5 12. Qb3 Na6 13. Nb5 Nb8 14. Nc3 g6
15. Rfe1 Kg7 16. Rad1 Nc6 17. Bf1 Na5 18. Qc2 Rc8 19. g3 a6 20. Ne5 b5 21. a3
Re8 22. Ng4 Rxe1 23. Rxe1 Bxd4 24. Qd2 Nb3 25. Qd3 Bxc3 26. bxc3 d4 0-1

[Event "FRA-chT Top 16 GpA"]
[Site "Montpellier"]
[Date "2006.04.02"]
[Round "7"]
[White "Boudre, Jean Pierre"]
[Black "Grischuk, Alexander"]
[Result "0-1"]
[WhiteElo "2334"]
[BlackElo "2717"]
[PlyCount "106"]
[EventDate "2006.03.03"]
[EventType "team"]
[EventRounds "11"]
[EventCountry "FRA"]
[SourceTitle "CBM 111 Extra"]
[Source "ChessBase"]
[SourceDate "2006.05.09"]
[SourceVersion "1"]
[SourceVersionDate "2006.05.09"]
[SourceQuality "1"]

1. e4 c5 2. Nf3 Nc6 3. Bb5 d6 4. Bxc6+ bxc6 5. O-O Bg4 6. c3 Nf6 7. h3 Bh5 8.
d3 Nd7 9. Bf4 e5 10. Bh2 Be7 11. Nbd2 O-O 12. Qc2 Bg6 13. Qa4 Qc7 14. d4 exd4
15. cxd4 Rfe8 16. e5 dxe5 17. dxe5 Nb6 18. Qa5 Qc8 19. Rfe1 Rd8 20. Rac1 Rb8
21. Qa3 Rd3 22. Rc3 Nd5 23. Rxd3 c4 24. Nxc4 Bxa3 25. Rxa3 Nb4 26. Rb3 c5 27.
a3 Nc6 28. Nd6 Qe6 29. Rc3 Nd4 30. Rxc5 Nxf3+ 31. gxf3 Qxh3 32. Rc3 h6 33. b4
Rd8 34. Rec1 h5 35. Re3 h4 36. Bf4 Bh5 37. Rcc3 Qe6 38. Kh2 Qa2 39. Kg2 h3+ 40.
Kxh3 Qxf2 41. Bg3 Qa2 42. Bh4 Rf8 43. Ne4 Bg6 44. Nf2 Re8 45. Kg2 Bf5 46. Bg3
Qd2 47. Rcd3 Bxd3 48. Rxd3 Qe2 49. f4 Rc8 50. f5 Rc2 51. Rd8+ Kh7 52. Rd4 Rc3
53. Rh4+ Kg8 0-1